| 000 | 00736nam a22002057i 4500 | ||
|---|---|---|---|
| 999 |
_c23202 _d23202 |
||
| 003 | AR-CdUCM | ||
| 008 | 250129b20222022 pe||||| |||| 00| 0 spa d | ||
| 020 | _a978-612-5038-42-5 | ||
| 040 |
_aMUNICIPALIDAD PROVINCIAL DEL CUSCO _cBIBLIOTECA MUNICIPAL DEL CUSCO |
||
| 041 | _hspa | ||
| 082 |
_a869.56 / L28 _bL28 |
||
| 100 |
_aLatorre Boza, Derik _950979 |
||
| 245 | _aRelatos de un Sobreviviente / | ||
| 260 |
_aLima : _bMesa Redonda Editorial y librería S.A.C. _c2022 |
||
| 300 |
_a127 páginas. : _c24x17 cm. |
||
| 505 | _aSuerte a la Italiana -- Carnes, vino y parrilla -- El rey y el monstruo -- Guerrilla -- Comunión en la carne | ||
| 856 | _fwww.editorialmesaredonda.com | ||
| 942 |
_2ddc _cLIBROS |
||
| 945 |
_apbjr _d29-01-2025 |
||